000 00820nam a2200133Ia 4500
008 100328s9999 xx 000 0 und d
082 _b26020
100 _aसाठवणे पां.आ.
245 _aवैद्यांना उपयोगी सर्व रोगावर आयुर्वेदिक चूर्णे व अनुभविक मिश्रणे
260 _bसाठवणे
630 _aवैद्यांना उपयोगी सर्व रोगावर आयुर्वेदिक चूर्णे व अनुभविक मिश्रणे
730 _aवैद्यांना उपयोगी सर्व रोगावर आयुर्वेदिक चूर्णे व अनुभविक मिश्रणे
942 _cBOOK
999 _c518572
_d518569